00633cam a2200205 a 45000010008000000030012000080050017000200080041000370100017000780200015000950400022001100500023001320820018001551000012001732450098001852600033002833000041003165000020003576500050003771613705NUST - PNEC20170116181126.0950206s1995 nyua f 001 0 eng  a 95001234  a0517056801 aDLCcLIBRARYdDLC00aNK2115b.W155 199500a745.4 HAB2201 aHabitat14aThe complete home decorator :A practical guide to decorating every room in your homecHabitat aNew York :bRizzoli,cc.1991 a256 p. :bill. (some col.) ;c27 cm. aIncludes index. 0aInterior decorationxHandbooks, manuals, etc.